| 000 | 00687nmm a2200265 a 4500 | ||
|---|---|---|---|
| 003 | AR-BaBNM | ||
| 005 | 20251128202828.0 | ||
| 008 | 026019s1942 ||||||||||||||000 | spa|| | ||
| 040 | _cAR-BaBNM | ||
| 110 | 2 | _aUniversidad Nacional de Tucumán | |
| 245 | 1 | 0 |
_aCancionero popular de La Rioja _n2 |
| 260 |
_aBuenos Aires _bBaiocco _c1942 |
||
| 300 | _a460 p. | ||
| 650 | 4 | _aLITERATURA FOLKLORICA | |
| 650 | 4 | _aLITERATURA POPULAR | |
| 650 | 4 | _aCANCIONES FOLKLORICAS | |
| 650 | 4 | _aMUSICA FOLKLORICA | |
| 650 | 4 | _aANTOLOGIAS | |
| 651 | 4 | _aArgentina | |
| 651 | 4 | _aLa Rioja | |
| 653 | _aCANCIONEROS | ||
| 700 | 1 |
_aCarrizo, Juan Alfonso _ecompilador |
|
| 942 | _cBK | ||
| 998 | _cisola | ||
| 999 |
_c768 _d768 |
||